| 000 | 04823cam a22019454i 4500 | ||
|---|---|---|---|
| 003 | PE-LiUPU | ||
| 005 | 20250813165513.0 | ||
| 008 | 170124s2017 sp r 000 00spa d | ||
| 020 | _a8491166106 | ||
| 020 | _a9788491166108 | ||
| 035 | _a(Sirsi) i9788491166108 | ||
| 035 | _a(OCoLC)974200097 | ||
| 040 |
_aESALI _bspa _erdc _cESALI _dBNM _dPE-LiUPU _erda |
||
| 049 | _aPRUA | ||
| 080 | _a351.855 | ||
| 080 | _a615.2:796 | ||
| 080 | _a615.2:796:005.591.6 | ||
| 082 | 0 | 4 |
_a615 _bP46 _223 |
| 100 | 1 |
_aPérez Triviño, José Luis, _eautor. |
|
| 245 | 1 | 3 |
_aEl dopaje y las nuevas tecnologías : _bel nuevo paradigma del deporte _cJosé Luis Pérez Triviño. |
| 250 | _aPrimera edición. | ||
| 264 | 1 |
_aBarcelona : _bEditorial UOC, _c2017 |
|
| 300 |
_a305 páginas ; _c24 páginas. |
||
| 336 |
_atext _2rdacontent |
||
| 337 |
_aunmediated _2rdamedia |
||
| 338 |
_avolume _2rdacarrier |
||
| 490 | 0 |
_aDerecho y ciencia política _v467 |
|
| 504 | _aBibliografía al final de cada capítulo. | ||
| 505 | _aIntroducción. El dopaje y las nuevas tecnologías como nuevo paradigma del deporte -- Breve crónica del dopaje y del antidopaje -- Una visión alternativa del dopaje -- El dopaje genético -- Los ciborgdeportistas -- Neurociencia y deporte: el dopaje emocional en el deporte -- Neurociencia y deporte: las mejoras cognitivas en el deporte -- ¿Deporte practicando por robots? -- Big Data y deporte -- Los e-Sports. | ||
| 526 | _aP203 | ||
| 526 | _aP200 | ||
| 526 | _aSEG65 | ||
| 526 | _aSEG64 | ||
| 526 | _aSEG63 | ||
| 526 | _aSEG62 | ||
| 526 | _aSEG61 | ||
| 526 | _aSEG60 | ||
| 526 | _aSEG59 | ||
| 526 | _aSEG58 | ||
| 526 | _aSEG57 | ||
| 526 | _aSEG56 | ||
| 526 | _aSEG55 | ||
| 526 | _aSEG54 | ||
| 526 | _aSEG53 | ||
| 526 | _aSEG52 | ||
| 526 | _aSEG51 | ||
| 526 | _aSEG50 | ||
| 526 | _aSEG49 | ||
| 526 | _aSEG48 | ||
| 526 | _aSEG47 | ||
| 526 | _aSEG46 | ||
| 526 | _aSEG24 | ||
| 526 | _aSEG23 | ||
| 526 | _aSEG22 | ||
| 526 | _aSEG21 | ||
| 526 | _aSEG20 | ||
| 526 | _aSEG19 | ||
| 526 | _aSEG18 | ||
| 526 | _aSEG17 | ||
| 526 | _aSEG16 | ||
| 526 | _aSEG14 | ||
| 526 | _aSEG13 | ||
| 526 | _aSEG12 | ||
| 526 | _aSEG11 | ||
| 526 | _aSEG10 | ||
| 526 | _aSEG09 | ||
| 526 | _aSEG06 | ||
| 526 | _aSEG05 | ||
| 526 | _aSEG04 | ||
| 526 | _aSEG03 | ||
| 526 | _aSEG02 | ||
| 526 | _aSEG68 | ||
| 526 | _aSEG66 | ||
| 526 | _aSEG45 | ||
| 526 | _aSEG25 | ||
| 526 | _aSEG01 | ||
| 526 | _aP163 | ||
| 526 | _aP162 | ||
| 526 | _aP161 | ||
| 526 | _aP160 | ||
| 526 | _aP159 | ||
| 526 | _aP158 | ||
| 526 | _aP157 | ||
| 526 | _aP156 | ||
| 526 | _aP155 | ||
| 526 | _aP154 | ||
| 526 | _aP153 | ||
| 526 | _aP152 | ||
| 526 | _aP151 | ||
| 526 | _aP150 | ||
| 526 | _aP149 | ||
| 526 | _aP142 | ||
| 526 | _aP141 | ||
| 526 | _aP140 | ||
| 526 | _aP139 | ||
| 526 | _aP138 | ||
| 526 | _aP137 | ||
| 526 | _aP132 | ||
| 526 | _aP131 | ||
| 526 | _aP130 | ||
| 526 | _aP126 | ||
| 526 | _aP125 | ||
| 526 | _aP124 | ||
| 526 | _aP123 | ||
| 526 | _aP115 | ||
| 526 | _aP122 | ||
| 526 | _aP121 | ||
| 526 | _aP116 | ||
| 526 | _a P114 | ||
| 526 | _aP112 | ||
| 526 | _aP111 | ||
| 526 | _aP104 | ||
| 526 | _aP103 | ||
| 526 | _aP102 | ||
| 526 | _aP101 | ||
| 526 | _aP100 | ||
| 526 | _aP96 | ||
| 526 | _aP95 | ||
| 526 | _aP93 | ||
| 526 | _aP92 | ||
| 526 | _aP91 | ||
| 526 | _aP88 | ||
| 526 | _aP83 | ||
| 526 | _aP82 | ||
| 526 | _aP79 | ||
| 526 | _aP78 | ||
| 526 | _aP75 | ||
| 526 | _aP74 | ||
| 526 | _aP71 | ||
| 526 | _aP69 | ||
| 526 | _a P51 | ||
| 526 | _aP49 | ||
| 526 | _aP48 | ||
| 526 | _aP47 | ||
| 526 | _aP33 | ||
| 526 | _aP31 | ||
| 526 | _a P30 | ||
| 526 | _aP29 | ||
| 526 | _aP27 | ||
| 526 | _aP26 | ||
| 526 | _aP25 | ||
| 526 | _aP24 | ||
| 526 | _a P22 | ||
| 526 | _aP10 | ||
| 526 | _aP09 | ||
| 526 | _a P08 | ||
| 526 | _aP06 | ||
| 526 | _aP05 | ||
| 526 | _aP04 | ||
| 526 | _aP01 | ||
| 541 | _g001-003492; | ||
| 650 | 4 |
_aDeportes _xDerecho |
|
| 650 | 4 |
_aDopaje _xDerecho |
|
| 650 | 4 |
_aDoping _xLaw |
|
| 650 | 4 |
_aSports _xLaw |
|
| 650 | 7 |
_aDopaje _2embne |
|
| 650 | 7 |
_aDopaje _xInnovaciones tecnológicas _2embne |
|
| 710 | 2 | _aUniversitat Oberta de Catalunya | |
| 910 |
_adbm _bebj _cebj _d20180116 |
||
| 942 |
_2ddc _cBOOK |
||
| 949 |
_a615 P46 _wDEWEY _c1 _i78202 _lCATALOGING _mBUL _p62.61 _r0 _sY _tBOOK _u2018-01-16 _xEDUCACION _PP12 _0COMPRA _o.STAFF. Colección Ciencias Humanas y Educación. |
||
| 994 |
_aC0 _bPEPRU |
||
| 596 | _a1 | ||
| 999 |
_a615 P46 _wDEWEY _c26682 _i78202 _f2021-11-8 _g4 _lCCODEBUL1 _mBUL _p62.61 _r0 _sY _tBOOK _u2018-1-16 _xEDUCACION _PP12 _0COMPRA _o.STAFF. Colección Ciencias Humanas y Educación. _d26682 |
||
| 980 |
_81 _gALBERTO SANCHEZ Responsable de Automatización |
||